000 01109nam a2200277 a 4500
003 OSt
005 20240305142448.0
008 240304s2019 mx ||||| |||| 00| 0 spa d
040 _cChap
090 _aCD-516
111 2 _9188869
_aEncuentro Internacional de Economía Campesina y Agroecología en América
_n(4 :
_d2019 :
_cTonalá, México)
245 0 0 _aEconomía campesina /
_cdirección Elena Kahn.
_h[DVD]
246 0 0 _aEconomía campesina :
_bIV Encuentro Internacional de Economía Campesina y Agroecologia en América /
_h[DVD]
264 _aGuerrero, México :
_bAsociación Ambientalista Guerreros Verdes A. C.
_c2019.
300 _a1 DVD (37 minutos).
650 4 _9186036
_aAlimentos transgénicos
_xAspectos sociales
650 4 _9186037
_aAlimentos transgénicos
_xPolítica gubernamental
650 4 _9151311
_aSoberanía alimentaria
_xMéxico
650 4 _9142981
_aProductos orgánicos
650 4 _9132383
_aSuelos
_xCalidad
650 4 _94208
_aAlimentos
_xContaminación por pesticidas
700 1 _9188863
_aKahn, Elena
_eDirección.
942 _2ddc
942 _2ddc
942 _cDVD
999 _c219779
_d219779